000 00364nam a2200121Ia 4500
008 220216s9999 xx 000 0 und d
100 _aGuritno B
_cet al
245 0 _aAgronomy of Mukibat Cassava
260 _bProceedings, Sixth symposium of the International Society for tropical root crops
_c1984
300 _a25-29
650 _aManihot glaziovii
942 _cJS
999 _c54014
_d54014